Statistiken für Stadt zu Land #12

Klicken Sie hier um das Quiz zu spielen!

Allgemein

  • Dieses Quiz wurde 174 mal gespielt
  • Das Durchschnittsergebnis liegt bei 11 aus 15

Antwortstatistiken

StadtLand% Korrekt
KlagenfurtÖsterreich
99%
NürnbergDeutschland
96%
WellingtonNeuseeland
94%
PalermoItalien
91%
WinnipegKanada
90%
PosenPolen
88%
PodgoricaMontenegro
77%
LhasaChina
76%
WindhoekNamibia
76%
WakayamaJapan
61%
WillemstadNiederlande
61%
WacoVereinigte Staaten
59%
WollongongAustralien
38%
GuayaquilEcuador
30%
WonsanNordkorea
25%

Verteilung der Resultate

Perzentil nach korrekt beantworteten Fragen

Anzahl Personen mit jedem Resultat

Ihre Resultats-Entwicklung

Sie haben dieses Quiz noch nicht gespielt